|
|
|
|
| LEADER |
00000cam a2200000 a 4500 |
| 001 |
vtls008394957 |
| 003 |
SK-MaSNL |
| 005 |
20260301075550.0 |
| 008 |
200104s1927 xo 001 0 ger |
| 015 |
|
|
|a SNBA19191938-003564
|
| 035 |
|
|
|a SK01SNKBIKKM20010087174
|
| 035 |
|
|
|a urn:nbn:sk:snk-am3hl9e
|
| 035 |
|
|
|a 8CAAB494-975D-4E79-A925-7375C9E8287F
|
| 035 |
|
|
|a urn:nbn:sk:snk-am00d4c9
|
| 035 |
|
|
|a SKM000089637
|
| 040 |
|
|
|a SNK
|b slo
|c SNK
|e AACR2
|
| 041 |
0 |
|
|a ger
|
| 044 |
|
|
|a xo
|c SK
|
| 080 |
|
|
|a 61
|2 1981
|
| 100 |
1 |
|
|a Růžička, Stanislav,
|d 1872-1946
|4 aut
|4 aui
|9 199580
|
| 245 |
1 |
4 |
|a Das System der Hygiene
|b auf Grundlage der neuen Lehre von dem Wohlleben (der Eubiotik) : auf der Eubiotik gegründete gesundheitliche Volkskultur
|c unter Mitwirkung V. Bail (Prag) und anderer Fachmänner herausgegeben von Stanislav Růžička
|
| 260 |
|
|
|a Bratislava
|b Im Selbstverlage d. Verfassers
|c 1927
|
| 300 |
|
|
|a 128, [4] s.
|c 8°
|
| 500 |
|
|
|a Einleitungskapitel, und Die neue Lehre von dem Wohlleben: Die Eubiotik, von Prof. Dr. St. Růžička
|
| 504 |
|
|
|a Pozn. a lit. pod čiarou ; vecný reg.
|
| 650 |
0 |
7 |
|a hygiena
|2 SNKPH
|9 16835
|
| 655 |
|
7 |
|a štúdie
|2 SNKPH
|9 57033
|
| 958 |
|
|
|a ONDV
|
| 958 |
|
|
|a RK
|
| 958 |
|
|
|a TL
|
| 958 |
|
|
|a DE
|
| 958 |
|
|
|a NB
|
| 999 |
|
|
|c 650621
|d 652551
|
| 952 |
|
|
|a SNK
|b SNK
|y PREZ
|7 0
|p 17A0755637
|o snkSC 3143
|i snk257/44
|0 0
|1 0
|4 0
|d 2018-08-10
|f 1
|l 0
|r 2025-06-25 00:00:00
|w 2026-02-23
|